00893cam a2200265 a 450000100100000000500170001000800410002702000150006804000290008308200260011210000390013824000100017724500540018725000110024126000370025230000250028949000210031450000260033565000260036165000400038783000280042791000280045595201290048399900150061200000788220240306164224.0090911s1981 sp 000 j eng d a8432203556 aDO-SdBNPbspacLCdBNPHU aPe863.44bV297j, 19811 aVargas Llosa, Mario,d1936-91256710aJefes14aLos jefes :blos cachorros /cMario Vargas Llosa. a4a ed. aBarcelona :bSeix Barral,c1981. axi, 151 p. ;c20 cm.1 aBiblioteca Breve aEdición definitiva. 4aNovela peruana912569 4aLiteratura peruanaySIGLO XX914789 0aBiblioteca Breve913442 aCatalogación derivada 001052708MOaGRbGRcCTd2009-09-11iLF1l0oPe863.44 V297j, 1981p7882-10r2020-06-25w2020-06-25y2ZPréstamo interno c7660d7660